000 00668nam a22002057a 4500
005 20100811105114.0
010 _aENG-99661
020 _a8188295132
_c45.00
035 _aEN-83193
037 _bDBAD/PUB
082 _a485
100 _aPonalagu, AV.
_910577
245 _aEnglish grammar & idioms /
_cby AV. Ponalagu
260 _aTrichi
_bNawal Publications
_c2007
270 _aP.B. No.473, 51, Jabarsha Street
_bTrichi
_e8
300 _a76p.
_c21cm (pbk)
500 _aIncludes bibliographical references
942 _2ddc
_cEN
_h485
_mPON
999 _c40834
_d40834